000 00364nam a22001457a 4500
003 MACL
005 20210905134755.0
008 210905b |||||||| |||| 00| 0 eng d
040 _cMACL
100 _aSingh,K Ajay
_980994
245 _aSSC English Revised & Updated 2019-20
260 _aDelhi
_bM.B. Books Pvt.
_c2019
650 _aGeneral
942 _2ddc
_cBK
999 _c64201
_d64201